Normal view
MARC view
- Jadeed Hakoometain
Entry Uniform Title
001 - CONTROL NUMBER
- control field: 3700
003 - CONTROL NUMBER IDENTIFIER
- control field: NUST
005 - DATE AND TIME OF LATEST TRANSACTION
- control field: 20170801131410.0
008 - FIXED-LENGTH DATA ELEMENTS
- fixed length control field: 170801|| aca||aabn | a|a d
040 ## - CATALOGING SOURCE
- Original cataloging agency: NUST
- Transcribing agency: NUST
130 ## - HEADING--UNIFORM TITLE
- Uniform title: Jadeed Hakoometain
670 ## - SOURCE DATA FOUND
- Source citation: Work cat.: (NUST): Muhammad Sarwar 3699, Jadeed Hakoomtain, 2006
